000 07078cam a22020174i 4500
003 PE-LiUPU
005 20250813165924.0
008 150706s2012 sp a r 000 0 spa d
020 _a9788415419600
035 _a(Sirsi) i9788415419600
040 _aPE-LiUPU
_bspa
_cPE-LiUPU
_erda
049 _aPRUA
082 0 4 _a612.2
_bW52
_221
100 1 _aWest, John B.,
_eautor.
245 1 0 _aFisiología respiratoria :
_bfundamentos /
_cJohn B. West ; [traducción, Mª Jesús del Sol Jaquotot, Piedad Ussetti Gil].
250 _a9a ed.
264 1 _aHospitalet de Llobregat :
_bBarcelona : Lippincott Williams & Wilkins,
_c2012.
300 _a200 páginas :
_bilustraciones gráficos ;
_c23 centímetros
336 _atext
_2rdacontent
337 _aunmediated
_2rdamedia
338 _avolume
_2rdacarrier
500 _aTraducción de: Respiratory physiology : the essentials, 9th ed.
505 0 _aEstructura y función. Cómo la arquitectura pulmonar contribuye a su función -- Ventilación. Cómo llega el aire a los alvéolos -- Difusión. Cómo el aire atraviesa la membrana alveolocapilar -- Flujo sanguíneo y metabolismo. Cómo la circulación pulmonar elimina gases de los pulmones y altera algunos metabolitos -- Relación entre ventilación y perfusión. Cómo las relaciones entre el aire y la sangre determinan el intercambio de gases -- Transporte de gases por la sangre. Cómo los gases se desplazan hasta los tejidos periféricos -- Mecánica de la respiración. Cómo se sostienen y se mueven los pulmones -- Control de ventilación. Cómo se regula el intercambio de gases -- Aparato respiratorio y estrés. Cómo se produce el intercambio de gases durante el esfuerzo, a presiones barométricas bajas y elevadas, y al nacer -- Pruebas funcionales respiratorias. Cómo se aplica la fisiología respiratoria para medir la función pulmonar.
526 _aP203
526 _aP200
526 _aSEG65
526 _aSEG64
526 _aSEG63
526 _aSEG62
526 _aSEG61
526 _aSEG60
526 _aSEG59
526 _aSEG58
526 _aSEG57
526 _aSEG56
526 _aSEG55
526 _aSEG54
526 _aSEG53
526 _aSEG52
526 _aSEG51
526 _aSEG50
526 _aSEG49
526 _aSEG48
526 _aSEG47
526 _aSEG46
526 _aSEG24
526 _aSEG23
526 _aSEG22
526 _aSEG21
526 _aSEG20
526 _aSEG19
526 _aSEG18
526 _aSEG17
526 _aSEG16
526 _aSEG14
526 _aSEG13
526 _aSEG12
526 _aSEG11
526 _aSEG10
526 _aSEG09
526 _aSEG06
526 _aSEG05
526 _aSEG04
526 _aSEG03
526 _aSEG02
526 _aSEG68
526 _aSEG66
526 _aSEG45
526 _aSEG25
526 _aSEG01
526 _aP163
526 _aP162
526 _aP161
526 _aP160
526 _aP159
526 _aP158
526 _aP157
526 _aP156
526 _aP155
526 _aP154
526 _aP153
526 _aP152
526 _aP151
526 _aP150
526 _aP149
526 _aP142
526 _aP141
526 _aP140
526 _aP139
526 _aP138
526 _aP137
526 _aP132
526 _aP131
526 _aP130
526 _aP126
526 _aP125
526 _aP124
526 _aP123
526 _aP115
526 _aP122
526 _aP121
526 _aP116
526 _a P114
526 _aP112
526 _aP111
526 _aP104
526 _aP103
526 _aP102
526 _aP101
526 _aP100
526 _aP96
526 _aP95
526 _aP93
526 _aP92
526 _aP91
526 _aP88
526 _aP83
526 _aP82
526 _aP79
526 _aP78
526 _aP75
526 _aP74
526 _aP71
526 _aP69
526 _a P51
526 _aP49
526 _aP48
526 _aP47
526 _aP33
526 _aP31
526 _a P30
526 _aP29
526 _aP27
526 _aP26
526 _aP25
526 _aP24
526 _a P22
526 _aP10
526 _aP09
526 _a P08
526 _aP06
526 _aP05
526 _aP04
526 _aP01
541 _g010-000004;
541 _g001-000112;
541 _g001-000112;
541 _g001-000112;
541 _g001-000112;
541 _g001-000112;
650 0 4 _aAparato respiratorio.
650 0 4 _aRespiración
_xFisiología.
650 0 4 _aRespiración
_xRegulación.
700 1 _adel Sol Jaquotot, M. Jesús,
_etr.
910 _cng
_d20130626
942 _2ddc
_cBOOK
949 _a612.2 W52
_wDEWEY
_c1
_i67662
_lCCODEBUL1
_mBUL
_p23.00
_r0
_sY
_tBOOK
_u2015-7-6
_xSALUD
_PP30
_o.STAFF. Colección General
949 _a612.2 W52
_wDEWEY
_c2
_i68711
_lCCODEBUL1
_mBUL
_p56.00
_r0
_sY
_tBOOK
_u2015-7-6
_xSALUD
_PP30
_o.STAFF. Colección General
949 _a612.2 W52
_wDEWEY
_c3
_i68712
_lCCODEBUL1
_mBUL
_p56.00
_r0
_sY
_tBOOK
_u2015-7-6
_xSALUD
_PP30
_o.STAFF. Colección General
949 _a612.2 W52
_wDEWEY
_c4
_i68713
_lCCODEBUL1
_mBUL
_p56.00
_r0
_sY
_tBOOK
_u2015-7-6
_xSALUD
_PP30
_o.STAFF. Colección General
949 _a612.2 W52
_wDEWEY
_c6
_i68715
_lCCODEBUL1
_mBUL
_p56.00
_r0
_sY
_tBOOK
_u2015-7-6
_xSALUD
_PP30
_o.STAFF. Colección General
949 _a612.2 W52
_wDEWEY
_c5
_i68714
_lCCODEBUL1
_mBUL
_p56.00
_r0
_sY
_tBOOK
_u2015-7-6
_xSALUD
_PP30
_o.STAFF. Colección General
994 _aC0
_bPEPRU
596 _a1
999 _a612.2 W52
_wDEWEY
_c55263
_i67662
_d55263
_e2019-9-18
_f2021-11-3
_g5
_lCCODEBUL1
_mBUL
_n29
_p23.00
_q2
_r0
_sY
_tBOOK
_u2015-7-6
_xSALUD
_PP30
_0COMPRA
_o.STAFF. Colección Ciencias de la Salud
999 _a612.2 W52
_wDEWEY
_c2
_i68711
_d2019-9-24
_e2019-9-19
_f2021-11-3
_g5
_lCCODEBUL1
_mBUL
_n21
_p56.00
_q2
_r0
_sY
_tBOOK
_u2015-7-6
_xSALUD
_PP30
_0COMPRA
_o.STAFF. Colección Ciencias de la Salud
999 _a612.2 W52
_wDEWEY
_c3
_i68712
_d2019-11-4
_e2019-10-30
_f2021-11-3
_g4
_lCCODEBUL1
_mBUL
_n21
_p56.00
_q2
_r0
_sY
_tBOOK
_u2015-7-6
_xSALUD
_PP30
_0COMPRA
_o.STAFF. Colección Ciencias de la Salud
999 _a612.2 W52
_wDEWEY
_c4
_i68713
_d2015-10-5
_e2015-10-4
_lLOST
_mBUL
_n13
_p56.00
_r1
_sN
_tBOOK
_u2015-7-6
_xSALUD
_PP30
_o.STAFF. Colección General
999 _a612.2 W52
_wDEWEY
_c6
_i68715
_d2015-9-28
_e2015-9-27
_lLOST
_mBUL
_n4
_p56.00
_r1
_sN
_tBOOK
_u2015-7-6
_xSALUD
_PP30
_o.STAFF. Colección General
999 _a612.2 W52
_wDEWEY
_c5
_i68714
_d2019-9-19
_e2019-9-19
_f2021-11-3
_g5
_lCCODEBUL1
_mBUL
_n8
_p56.00
_q4
_r0
_sY
_tBOOK
_u2015-7-6
_xSALUD
_PP30
_0COMPRA
_o.STAFF. Colección Ciencias de la Salud
980 _81
_gALBERTO SANCHEZ Responsable de Automatización